Federico García Lorca en el espejo del tiempo /
Saved in:
| Andre forfattere: | |
|---|---|
| Format: | Electronisk eBog |
| Sprog: | spansk |
| Udgivet: |
Alicante :
Caja de Ahorros del Mediterráneo : Editorial Aguaclara S.L.,
marzo, 1998.
|
| Serier: | Colección Amalgama ;
19. |
| Fag: | |
| Online adgang: | Digitalia Hispánica |
| Tags: |
Tilføj Tag
Ingen Tags, Vær først til at tagge denne postø!
|
MARC
| LEADER | 00000cam a2200000Ia 4500 | ||
|---|---|---|---|
| 001 | DIGAGUA0519 | ||
| 003 | NyNyDIG | ||
| 006 | m o d | ||
| 007 | cr ||||||||||| | ||
| 008 | 161101t19981998sp ob 000 0 spa d | ||
| 020 | |z 9788480181365 | ||
| 020 | |z 8480181362 | ||
| 035 | |a (OCoLC)607027111 | ||
| 040 | |a DGITA |b eng |e rda |e pn |c DGITA | ||
| 050 | 1 | 4 | |a PQ6613.A763 eBook |
| 245 | 0 | 0 | |a Federico García Lorca en el espejo del tiempo / |c edición de Pedro Guerrero Ruiz. |
| 264 | 1 | |a Alicante : |b Caja de Ahorros del Mediterráneo : |b Editorial Aguaclara S.L., |c marzo, 1998. | |
| 264 | 4 | |c ©1998 | |
| 300 | |a 1 online resource (325 pages) | ||
| 336 | |a text |b txt |2 rdacontent | ||
| 337 | |a computer |b c |2 rdamedia | ||
| 338 | |a online resource |b cr |2 rdacarrier | ||
| 490 | 1 | |a Colección Amalgama ; |v 19 | |
| 504 | |a Includes bibliographical references. | ||
| 505 | 1 | |a Prólogo / Pedro Guerrero Ruiz -- Lorca y la crisis de la palabra / Nigel Dennis -- García Lorca en Nueva York: angustia y soledad / Francisco Javier Díez de Revenga -- Desolación y deterioro en el espectáculo neoyorquino de Lorca / Brígida Pastor -- Poeta en Nueva York y Romancero gitano: apuntes para una verdad poética / María Clementa Millán -- La imposible infancia recobrada de Federico García Lorca: las claves en La balada de Caperucita / Antonio Mendoza Fillola -- Lorca, el Romanticismo y Granada / Dolores Flores-Silva y Brian J. Dendle -- García Lorca y el Suplemento Literario de La Verdad / José Belmonte Serrano -- Yerma de Lorca, historia de una pasión: natura, naturaleza, naturalidad / Mary S. Vásquez -- Yerma, la tragedia de la mujer satisfecha / Aurora Marco -- La Yerma de Miguel Narros / Tina Pereda -- La casa de Bernarda Alba en el teatro actual: El local de Bernardeta A., de Lourdes Ortiz / Anthony Percival -- Hipoteatro, epiteatro y metateatro en la dramaturgia de Lorca / Alfredo Rodríguez López-Vázquez -- Apuntes sobre la actividad escénica madrileña (1919-1920) de García Lorca en su Epistolario / José Romera Castillo -- Federico García Lorca y el drama rural / Brian J. Dendle -- El público en el teatro de García Lorca / Peter G. Broad -- Tratadismo pictórico en la poesía de García Lorca / Pedro Guerrero Ruiz y Verónica Dean-Thacker -- García Lorca: un criterio plástico-poético en íntima unión / Gracia Ruiz Llamas y Daniel Carbonell Arroyo -- La feria en los dibujos y poemas de Lorca / Shelby Thacker -- Poemas visuales y dibujos poéticos de Lorca / Verónica Dean-Thacker y Pedro Guerrero Ruiz -- Poeta para la música / Josefa Lacárcel Moreno y María Esperanza Clares Clares -- El mundo visto a través de la música / Arturo Delgado -- Lorca y las canciones populares infantiles / María Dulce Sánchez-Blanco Celarai. | |
| 588 | 0 | |a Online resource; title from PDF title page (Digitalia, viewed October 30, 2016) | |
| 600 | 1 | 0 | |a García Lorca, Federico, |d 1898-1936 |x Criticism and interpretation. |
| 655 | 0 | |a Electronic books. | |
| 700 | 1 | |a Guerrero Ruiz, Pedro, |e editor. | |
| 776 | 0 | 8 | |i Print version: |t Federico García Lorca en el espejo del tiempo. |d Alicante : Editorial Aguaclara S.L, 1998. |z 9788480181365 |w (OCoLC)39298576 |
| 791 | 2 | |a Digitalia (Firm), |e distributor. | |
| 830 | 0 | |a Colección Amalgama ; |v 19. | |
| 793 | 0 | |g Digitalia eBook Collection: |a Editorial Aguaclara. | |
| 856 | 4 | 0 | |3 Digitalia Hispánica |u https://digitalia.unach.elogim.com/a/113/ |
| 910 | |a Premium Collection: 2007-2012 | ||